Normal view
MARC view
- Grigoryev, Vladimir
Entry Personal Name
001 - CONTROL NUMBER
- control field: 107768
003 - CONTROL NUMBER IDENTIFIER
- control field: NUST
005 - DATE AND TIME OF LATEST TRANSACTION
- control field: 20230126130733.0
008 - FIXED-LENGTH DATA ELEMENTS
- fixed length control field: 230126|| aca||aabn | a|a d
040 ## - CATALOGING SOURCE
- Original cataloging agency: NUST
- Transcribing agency: NUST
100 ## - HEADING--PERSONAL NAME
- Personal name: Grigoryev, Vladimir
670 ## - SOURCE DATA FOUND
- Source citation: Work cat.: (NUST)186211: Yankovsky, Ceorge 107767, The forces of nature, 1964
